Normal view
MARC view
Entry Personal Name
001 - CONTROL NUMBER
- control field: 26921
003 - CONTROL NUMBER IDENTIFIER
- control field: ARRUPE
005 - DATE AND TIME OF LATEST TRANSACTION
- control field: 20161024143341.0
008 - FIXED-LENGTH DATA ELEMENTS
- fixed length control field: 161024|| aca||aabn | a|a d
040 ## - CATALOGING SOURCE
- Original cataloging agency: ARRUPE
- Transcribing agency: ARRUPE
100 ## - HEADING--PERSONAL NAME
- Personal name: Bennett, Mary Angela,
- Dates associated with a name: 1906-,
- Relator term: author.
670 ## - SOURCE DATA FOUND
- Source citation: Work cat.: (ARRUPE)0: Wallis, Ethel Emily. 26917, Two thousand tongues to go;, 1960